000 00355nam a2200145Ia 4500
008 100122s9999 xx 000 0 und d
082 _b19788
_a823
100 _aWADEHOUSE P G
245 _aMONEY IN THE BANK
260 _bA HERBERT JENKINS BOOK
_c1963
300 _a253
630 _aMONEY IN THE BANK
730 _aMONEY IN THE BANK
942 _cBOOK
999 _c366065
_d366062